Mal de escuela /
Guardado en:
| Autor Principal: | |
|---|---|
| Otros Autores: | |
| Formato: | Libro |
| Publicado: |
Barcelona :
Anagrama,
2008
|
| Materias: | |
| Etiquetas: |
Agregar Etiqueta
Sin Etiquetas, Sea el primero en etiquetar este registro!
|
| LEADER | 00618nam a22002175a 4500 | ||
|---|---|---|---|
| 001 | CEM.cems014737 | ||
| 008 | 130507s2008##################000#0#####d | ||
| 005 | 20210805162036.0 | ||
| 003 | CEMS | ||
| 245 | 1 | 0 | |a Mal de escuela / |c Daniel Pennac; traducido Por Manuel Serrat Crespo |
| 260 | |a Barcelona : |b Anagrama, |c 2008 | ||
| 300 | |a 172 p. | ||
| 590 | |a 1320.016 | ||
| 100 | 1 | |a Pennac, Daniel | |
| 700 | 1 | |a Serrat Crespo, Manuel; trad. | |
| 653 | |a Educación | ||
| 653 | |a Pedagogía | ||
| 653 | |a Institución educativa | ||
| 653 | |a Escuela | ||
| 653 | |a Biblioteca TC | ||
| 859 | |a CEMS |b BIB. CEMS - 11 de abril |h TC |p 1320.016 |t Ej.1 | ||
